HIGH COURT CRIMINAL SESSION NO.560 OF 1970 Uganda Vs Wesonga Malikoha (Record no. 6654)

MARC details
000 -LEADER
fixed length control field 00312nam a22000977a 4500
008 - FIXED-LENGTH DATA ELEMENTS--GENERAL INFORMATION
fixed length control field 150624b xxu||||| |||| 00| 0 eng d
010 ## - LIBRARY OF CONGRESS CONTROL NUMBER
Field link and sequence number HCCRSARF:008
245 ## - TITLE STATEMENT
Title HIGH COURT CRIMINAL SESSION NO.560 OF 1970 Uganda Vs Wesonga Malikoha
260 ## - PUBLICATION, DISTRIBUTION, ETC. (IMPRINT)
Place of publication, distribution, etc High Court Kampala
500 ## - GENERAL NOTE
Materials specified BEFORE: Hon. Mr. Justice R.E.G. Russell
Holdings
Withdrawn status Lost status Source of classification or shelving scheme Damaged status Koha normalized classification for sorting Not for loan Location (home branch) Sublocation or collection (holding branch) Shelving location Date acquired Koha issues (times borrowed) Koha full call number Piece designation (barcode) Koha date last seen Price effective from Koha item type Public note
    Dewey Decimal Classification   HCCRSARF_008   Archives Archives Archives 06/24/2015   HCCRSARF:008 1025/2015 06/24/2015 06/24/2015 Un Reported Cases Judgement entered on 4th/December/1970
    Dewey Decimal Classification   HCCRSARF_008   Archives Law Development Centre Main Library Archives 06/24/2015   HCCRSARF:008 1026/2015 06/24/2015 06/24/2015 Un Reported Cases Judgement entered on 4th/December/1970